Housing statistics: December quarter 2001 (Record no. 70844)
[ view plain ]
| 000 -LEADER | |
|---|---|
| fixed length control field | 00757cam a2200169 4500 |
| 001 - CONTROL NUMBER | |
| control field | WB3828-08 |
| 008 - FIXED-LENGTH DATA ELEMENTS--GENERAL INFORMATION | |
| fixed length control field | 020730n2002 000 0 eng u |
| 035 ## - SYSTEM CONTROL NUMBER | |
| System control number | (Sirsi) u119098 |
| 245 ## - TITLE STATEMENT | |
| Title | Housing statistics: December quarter 2001 |
| 260 ## - PUBLICATION, DISTRIBUTION, ETC. | |
| Date of publication, distribution, etc. | 2002 |
| 490 ## - SERIES STATEMENT | |
| Series statement | ODPM Statistical Release |
| Volume/sequential designation | (HS-Q4) 25 July 2002, (2) |
| 520 ## - SUMMARY, ETC. | |
| Summary, etc. | This supplement to ODPM annual compendium of housing statistics covers housing renewals, disabled facilities grants, sales and transfer of local authority dwellings (including right-to-buy), house prices, mortgage and land costs, and rents. Housing statistics www.housing.odpm.gov.uk/research/hss/index.htm www.odpm.gov.uk/news/0207/hs-q4.htm |
| 590 ## - LOCAL NOTE (RLIN) | |
| Local note | WB |
| 650 ## - SUBJECT ADDED ENTRY--TOPICAL TERM | |
| Topical term or geographic name entry element | STATISTICS |
| 690 ## - LOCAL SUBJECT ADDED ENTRY--TOPICAL TERM (OCLC, RLIN) | |
| Topical term or geographic name as entry element | HOUSING |
| 942 ## - ADDED ENTRY ELEMENTS (KOHA) | |
| Suppress in OPAC | 0 |
| Withdrawn status | Lost status | Source of classification or shelving scheme | Damaged status | Not for loan | Home library | Current library | Shelving location | Date acquired | Total Checkouts | Full call number | Barcode | Date last seen | Copy number | Price effective from | Koha item type |
|---|---|---|---|---|---|---|---|---|---|---|---|---|---|---|---|
| Dewey Decimal Classification | London | London | News article | 30/07/2002 | WB3828-08 | 119098-1001 | 06/08/2019 | 1 | 06/08/2019 | News article |